[Event "Isthmia op 4th"]
[Site "Vrachati"]
[Date "2014.08.25"]
[Round "9"]
[White "Bellos, Ioannis"]
[Black "Stathopoulos, Ioannis"]
[Result "0-1"]
[WhiteElo "2075"]
[BlackElo "2271"]
[PlyCount "106"]
[EventDate "2014.08.18"]
[EventType "swiss"]
[EventRounds "9"]
[EventCountry "GRE"]
[SourceTitle "CBM 161 Extra"]
[Source "ChessBase"]
[SourceDate "2014.08.29"]
[SourceVersion "1"]
[SourceVersionDate "2014.08.29"]
[SourceQuality "1"]

1. e4 c5 2. Nf3 d6 3. d4 cxd4 4. Nxd4 Nf6 5. Nc3 a6 6. Bc4 g6 7. Be3 Bg7 8. f3 Bd7 9. Qd2 Nc6 10. 0-0-0 0-0 11. h4 b5 12. Nxc6 Bxc6 13. Bb3 a5 14. Bd4 e6 15. a4 b4 16. Ne2 Qe8 17. e5 dxe5 18. Bc5 Bxa4 19. Bxf8 Bxf8 20. Bxa4 Qxa4 21. Kb1 Bg7 22. h5 e4 23. h6 Bh8 24. fxe4 Nxe4 25. Qd8+ Qe8 26. Qxe8+ Rxe8 27. Rd7 Bf6 28. Ra7 Bd8 29. Rd1 Bb6 30. Ra6 Be3 31. Rh1 f5 32. Rxa5 Nf2 33. Rf1 Ng4 34. Rb5 Bxh6 35. Rxb4 Ne3 36. Rh1 Bg5 37. Rh3 e5 38. Rb7 h6 39. Nc3 Nxg2 40. Rd3 Nf4 41. Rdd7 Bf6 42. Nb5 Rf8 43. Nd6 Nh5 44. Rb6 e4 45. Nc4 f4 46. Nd2 e3 47. Ne4 e2 48. Nxf6+ Nxf6 49. Re7 f3 50. Rbb7 f2 51. Rg7+ Kh8 52. Rxg6 f1Q+ 53. Ka2 Ra8+ 0-1

[Event "Isthmia op 3rd"]
[Site "Vrachati"]
[Date "2013.08.21"]
[Round "5"]
[White "Nestorovic, Nikola"]
[Black "Bellos, Ioannis"]
[Result "1-0"]
[WhiteElo "2462"]
[BlackElo "1978"]
[PlyCount "91"]
[EventDate "2013.08.18"]
[EventType "swiss"]
[EventRounds "9"]
[EventCountry "GRE"]
[SourceTitle "CBM 156 Extra"]
[Source "ChessBase"]
[SourceDate "2013.10.22"]
[SourceVersion "1"]
[SourceVersionDate "2013.10.22"]
[SourceQuality "1"]

1. e4 Nf6 2. e5 Nd5 3. d4 d6 4. Nf3 dxe5 5. Nxe5 g6 6. Bc4 c6 7. 0-0 Bg7 8. Bb3 0-0 9. c4 Nb6 10. c5 Nd5 11. Nc3 Be6 12. Re1 Nd7 13. Bxd5 Bxd5 14. Nxd5 cxd5 15. Bf4 Nxe5 16. Bxe5 Bxe5 17. Rxe5 Qd7 18. Qf3 e6 19. Rae1 b6 20. h4 bxc5 21. dxc5 Rac8 22. b4 a5 23. a3 axb4 24. axb4 Rb8 25. Qf4 d4 26. Qd2 Rfe8 27. R5e4 Rbd8 28. h5 Qd5 29. Re5 Qd7 30. hxg6 hxg6 31. Qh6 Qe7 32. b5 d3 33. Qd2 Kg7 34. c6 Rh8 35. Qc3 Qf6 36. c7 d2 37. Rd1 Rd5 38. Re3 Rc8 39. b6 Rb5 40. Qxd2 Rb2 41. Qc3 Rxb6 42. Rd8 Rb1+ 43. Kh2 e5 44. Rxc8 Qf4+ 45. Rg3 Qf5 46. Rg8+ 1-0

[Event "Isthmia op 3rd"]
[Site "Vrachati"]
[Date "2013.08.18"]
[Round "1"]
[White "Argiroudis, Stamatis"]
[Black "Bellos, Ioannis"]
[Result "0-1"]
[WhiteElo "2351"]
[BlackElo "1978"]
[PlyCount "80"]
[EventDate "2013.08.18"]
[EventType "swiss"]
[EventRounds "9"]
[EventCountry "GRE"]
[SourceTitle "CBM 156 Extra"]
[Source "ChessBase"]
[SourceDate "2013.10.22"]
[SourceVersion "1"]
[SourceVersionDate "2013.10.22"]
[SourceQuality "1"]

1. Nf3 d5 2. g3 Bg4 3. Bg2 c6 4. c4 e6 5. Qb3 Qb6 6. Qc2 Nf6 7. 0-0 Nbd7 8. d3 Be7 9. Nc3 0-0 10. e4 dxe4 11. dxe4 Qc7 12. Nd4 Rad8 13. Be3 Bh5 14. f3 Bg6 15. Qe2 Rfe8 16. Kh1 e5 17. Nb3 Nf8 18. Bh3 N6d7 19. Rac1 f6 20. Qf2 Bf7 21. Rfd1 Bxc4 22. Nd2 Be6 23. Nd5 Qa5 24. Nc4 Qxa2 25. Nxe7+ Rxe7 26. Bxe6+ Nxe6 27. Qc2 Nb6 28. Bxb6 Rxd1+ 29. Qxd1 axb6 30. Qd6 Kf7 31. Qb4 Nd4 32. Nd6+ Kg6 33. Nf5 Rd7 34. Rf1 Qb3 35. Qd2 Qc2 36. Nh4+ Kf7 37. Qb4 Qe2 38. Re1 Qd3 39. Qa4 Nxf3 40. Qa2+ Kf8 0-1

[Event "Petroupoli op 5th"]
[Site "Petroupoli"]
[Date "2012.09.19"]
[Round "4"]
[White "Bellos, Ioannis"]
[Black "Kostouros, Alexandros"]
[Result "0-1"]
[WhiteElo "1974"]
[BlackElo "2102"]
[PlyCount "136"]
[EventDate "2012.09.08"]
[EventType "swiss"]
[EventRounds "7"]
[EventCountry "GRE"]
[SourceTitle "CBM 150 Extra"]
[Source "ChessBase"]
[SourceDate "2012.10.19"]
[SourceVersion "1"]
[SourceVersionDate "2012.10.19"]
[SourceQuality "1"]

1. e4 e5 2. d4 Nf6 3. Nf3 exd4 4. e5 Ne4 5. Qxd4 d5 6. exd6 Nxd6 7. Nc3 Nc6 8. Qf4 Be7 9. Be3 Be6 10. 0-0-0 0-0 11. h4 Qc8 12. Ng5 Bf6 13. Nxe6 Qxe6 14. Nd5 Be5 15. Qa4 Nf5 16. Bc5 Rfd8 17. Bc4 Qh6+ 18. Kb1 a6 19. Bb3 b6 20. Be3 Nxe3 21. Nxe3 Nd4 22. Qc4 Nxb3 23. axb3 Qf4 24. Qxf4 Bxf4 25. Nd5 Bd6 26. Rd3 b5 27. Rhd1 Re8 28. c3 Re2 29. R3d2 Rae8 30. Kc2 c6 31. Ne3 Rxd2+ 32. Kxd2 Bf4 33. Ke2 f5 34. Kf3 Bxe3 35. fxe3 Kf7 36. Ra1 Ra8 37. e4 Ke6 38. Kf4 fxe4 39. Kxe4 a5 40. Kd4 Kd6 41. b4 a4 42. c4 Re8 43. c5+ Kd7 44. Kd3 Re5 45. Rf1 Ke6 46. Rf8 Rd5+ 47. Kc3 Rh5 48. Re8+ Kf5 49. g3 Rh6 50. Re3 Rg6 51. Rf3+ Kg4 52. Rd3 Kh3 53. Rd6 Rxg3+ 54. Kc2 Rg6 55. h5 Rf6 56. Kd3 Kg4 57. Rd7 g6 58. h6 g5 59. Rxh7 Kh5 60. Rd7 Kxh6 61. Rd6 Kg6 62. Rd8 g4 63. Ke2 Kg5 64. Ke3 Rg6 65. Rd3 Kh5 66. Kf4 Rg8 67. Rd1 Rf8+ 68. Ke3 g3 0-1

[Event "GRE-chT 40th"]
[Site "Achaia"]
[Date "2012.07.03"]
[Round "5.1"]
[White "Anagnostopoulos, Konstantinos"]
[Black "Bellos, Ioannis"]
[Result "1-0"]
[WhiteElo "2052"]
[BlackElo "1969"]
[PlyCount "105"]
[EventDate "2012.06.30"]
[EventType "team-swiss"]
[EventRounds "7"]
[EventCountry "GRE"]
[SourceTitle "CBM 149 Extra"]
[Source "ChessBase"]
[SourceDate "2012.08.24"]
[SourceVersion "1"]
[SourceVersionDate "2012.08.24"]
[SourceQuality "1"]
[WhiteTeam "Corinth Argonaftis REC"]
[BlackTeam "Peristeriou"]
[WhiteTeamCountry "GRE"]
[BlackTeamCountry "GRE"]

1. e4 Nf6 2. Nc3 e5 3. Nf3 Nc6 4. a3 d5 5. Bb5 dxe4 6. Nxe5 Qd6 7. Nxc6 bxc6 8. Be2 Be7 9. 0-0 0-0 10. d3 Bf5 11. dxe4 Nxe4 12. Nxe4 Bxe4 13. Bf3 Qxd1 14. Bxd1 Bf6 15. c3 Rab8 16. Re1 Bd5 17. Bc2 h6 18. h3 Be6 19. Be4 Bd5 20. Bd3 Be6 21. Bb1 Rfd8 22. Ba2 Bxa2 23. Rxa2 Rb3 24. Bf4 Rdb8 25. Re2 R3b7 26. Kf1 Kf8 27. Rd2 Ke8 28. Ke2 Rd8 29. Rxd8+ Kxd8 30. a4 Kd7 31. Kd3 Rb8 32. Kc4 Be7 33. b4 a6 34. Be3 Bd6 35. Rd2 Re8 36. Rd4 Re5 37. Rg4 g5 38. Rd4 Ke6 39. Rd2 f5 40. Bd4 Re1 41. g4 fxg4 42. hxg4 h5 43. gxh5 Rh1 44. Re2+ Kf7 45. Re3 Rxh5 46. Rf3+ Ke7 47. Rf5 c5 48. bxc5 Bf4 49. Rf6 a5 50. Ra6 g4 51. Rg6 Bg5 52. Rg7+ Kd8 53. Rxg5 1-0

[Event "Isthmia op 1st"]
[Site "Vrachati"]
[Date "2011.08.22"]
[Round "5"]
[White "Galopoulos, Nikolaos"]
[Black "Bellos, Ioannis"]
[Result "1-0"]
[WhiteElo "2327"]
[BlackElo "1944"]
[PlyCount "85"]
[EventDate "2011.08.18"]
[EventType "swiss"]
[EventRounds "9"]
[EventCountry "GRE"]
[SourceTitle "CBM 144 Extra"]
[Source "ChessBase"]
[SourceDate "2011.10.28"]
[SourceVersion "1"]
[SourceVersionDate "2011.10.28"]
[SourceQuality "1"]

1. d4 d5 2. c4 dxc4 3. Nf3 Nf6 4. e3 e6 5. Bxc4 c5 6. 0-0 a6 7. Bd3 Nbd7 8. Re1 b6 9. e4 cxd4 10. e5 Nd5 11. Bg5 Be7 12. Bxe7 Qxe7 13. Nbd2 0-0 14. Ne4 Bb7 15. Rc1 Nc5 16. Nd6 Nf4 17. Bf1 Bd5 18. Qxd4 Nh3+ 19. Kh1 f6 20. Qh4 Bxf3 21. Qxh3 fxe5 22. Nc4 Bd5 23. Nxb6 Ne4 24. Rxe4 Bxe4 25. Nxa8 Rxa8 26. Qe3 Bd5 27. b3 Qa7 28. Rc8+ Kf7 29. Rxa8 Qxa8 30. Qxe5 Qc6 31. Qf4+ Ke7 32. Kg1 h6 33. Qd4 Kf7 34. Qa7+ Kf6 35. Qxa6 Bxg2 36. Qxc6 Bxc6 37. a4 Ke5 38. a5 Kd6 39. b4 Kc7 40. b5 Bd5 41. b6+ Kb8 42. a6 Bc6 43. Bg2 1-0

[Event "Isthmia op 1st"]
[Site "Vrachati"]
[Date "2011.08.18"]
[Round "1"]
[White "Skembris, Spyridon"]
[Black "Bellos, Ioannis"]
[Result "1-0"]
[WhiteElo "2475"]
[BlackElo "1944"]
[PlyCount "107"]
[EventDate "2011.08.18"]
[EventType "swiss"]
[EventRounds "9"]
[EventCountry "GRE"]
[SourceTitle "CBM 144 Extra"]
[Source "ChessBase"]
[SourceDate "2011.10.28"]
[SourceVersion "1"]
[SourceVersionDate "2011.10.28"]
[SourceQuality "1"]

1. c4 e5 2. Nc3 Nc6 3. Nf3 f5 4. d4 e4 5. d5 exf3 6. dxc6 fxg2 7. cxd7+ Qxd7 8. Qxd7+ Bxd7 9. Bxg2 0-0-0 10. Bg5 Be7 11. h4 c6 12. Be3 Kb8 13. 0-0-0 Nf6 14. Bf3 Be6 15. b3 Rxd1+ 16. Kxd1 Rd8+ 17. Kc2 Ne8 18. Na4 Bf7 19. Nc5 Bxc5 20. Bxc5 Nc7 21. e3 Ne6 22. Bb4 Rd7 23. Bc3 g6 24. Be5+ Kc8 25. b4 Nc7 26. Kc3 Ne8 27. Be2 Kd8 28. a4 a6 29. a5 Ke7 30. Rd1 Rxd1 31. Bxd1 Nd6 32. Bxd6+ Kxd6 33. Kd4 Be6 34. Bb3 h6 35. Bd1 Bd7 36. f4 Bc8 37. Bf3 h5 38. Bg2 Bd7 39. Bh3 Be6 40. c5+ Ke7 41. Ke5 Bd5 42. Bf1 Bb3 43. Bd3 Bd5 44. Bc2 Bc4 45. e4 fxe4 46. Bxe4 Bf7 47. b5 axb5 48. Bxc6 b4 49. Bxb7 b3 50. a6 b2 51. Be4 Be8 52. a7 Bc6 53. Bxg6 Ba8 54. Bb1 1-0

[Event "GRE-ch U18/20"]
[Site "Peristeri"]
[Date "2011.01.06"]
[Round "5"]
[White "Michelakos, Panagiotis"]
[Black "Bellos, Ioannis"]
[Result "1-0"]
[WhiteElo "2101"]
[BlackElo "1945"]
[PlyCount "91"]
[EventDate "2011.01.03"]
[EventType "swiss"]
[EventRounds "9"]
[EventCountry "GRE"]
[SourceTitle "CBM 140 Extra"]
[Source "ChessBase"]
[SourceDate "2011.03.01"]
[SourceVersion "1"]
[SourceVersionDate "2011.03.01"]
[SourceQuality "1"]

1. e4 e5 2. Nf3 Nc6 3. Bc4 Bc5 4. d3 Nf6 5. 0-0 d6 6. c3 a6 7. Bb3 Ba7 8. h3 h6 9. Nbd2 0-0 10. Re1 Be6 11. Bc2 Re8 12. Nf1 d5 13. exd5 Bxd5 14. Ng3 Qd7 15. Nh4 Rad8 16. Nhf5 Be6 17. Qf3 Bd5 18. Nxh6+ gxh6 19. Qxf6 Re6 20. Nh5 Rxf6 21. Nxf6+ Kg7 22. Nxd7 Rxd7 23. Be3 Bxe3 24. fxe3 Rd6 25. Rf1 Rg6 26. Rf2 Rg3 27. e4 Be6 28. a3 Ne7 29. Re1 h5 30. Kh2 h4 31. d4 Ng6 32. Ref1 Nf4 33. dxe5 Ng6 34. Rf3 Rg5 35. Re3 Nxe5 36. b3 Ng6 37. g3 Kf8 38. e5 Ne7 39. gxh4 Rh5 40. Kg3 Nd5 41. Ref3 Rxe5 42. c4 Ne7 43. Rf4 Re3+ 44. R1f3 Re2 45. Re4 Rxe4 46. Bxe4 1-0

[Event "GRE-ch U18/20"]
[Site "Peristeri"]
[Date "2011.01.04"]
[Round "2"]
[White "Bellos, Ioannis"]
[Black "Hrisomalis, Theodoros"]
[Result "0-1"]
[WhiteElo "1945"]
[BlackElo "2079"]
[PlyCount "58"]
[EventDate "2011.01.03"]
[EventType "swiss"]
[EventRounds "9"]
[EventCountry "GRE"]
[SourceTitle "CBM 140 Extra"]
[Source "ChessBase"]
[SourceDate "2011.03.01"]
[SourceVersion "1"]
[SourceVersionDate "2011.03.01"]
[SourceQuality "1"]

1. e4 e5 2. Nf3 Nc6 3. Bb5 a6 4. Ba4 d6 5. 0-0 Bd7 6. d4 b5 7. Bb3 Nxd4 8. Nxd4 exd4 9. c3 dxc3 10. Qd5 Be6 11. Qc6+ Bd7 12. Qd5 Be6 13. Qc6+ Bd7 14. Qxc3 Nf6 15. f4 c6 16. Re1 Be7 17. e5 dxe5 18. fxe5 Nd5 19. Bxd5 cxd5 20. e6 Bxe6 21. Qxg7 Bf6 22. Qg4 Kd7 23. Qf3 Bd4+ 24. Kh1 Qf6 25. Qd1 Rhg8 26. Nc3 Bh3 27. Re2 Bxg2+ 28. Rxg2 Rxg2 29. Ne2 Qf3 0-1

[Event "GRE-ch U16"]
[Site "Kallithea"]
[Date "2010.06.27"]
[Round "2"]
[White "Bellos, Ioannis"]
[Black "Kafetzis, Georgios"]
[Result "1-0"]
[WhiteElo "1818"]
[BlackElo "1929"]
[PlyCount "43"]
[EventDate "2010.06.26"]
[EventType "swiss"]
[EventRounds "9"]
[EventCountry "GRE"]
[SourceTitle "CBM 137 Extra"]
[Source "ChessBase"]
[SourceDate "2010.09.01"]
[SourceVersion "1"]
[SourceVersionDate "2010.09.01"]
[SourceQuality "1"]

1. e4 c5 2. Nf3 e6 3. d4 cxd4 4. Nxd4 Nc6 5. Nc3 Qc7 6. Be3 a6 7. Bd3 Nf6 8. 0-0 Nxd4 9. Bxd4 Bc5 10. Bxc5 Qxc5 11. Kh1 h5 12. Qd2 d6 13. f4 Kf8 14. Rae1 e5 15. Nd5 Ng4 16. b4 Qc6 17. h3 Nh6 18. fxe5 dxe5 19. Qg5 Qd6 20. Be2 h4 21. Rd1 Be6 22. Nf4 1-0